Vista normal
Vista MARC
Entrada Topical Term
Número de registros utilizados en: 1
001 - CONTROL NUMBER
- control field: 30145
003 - CONTROL NUMBER IDENTIFIER
- control field: OSt
005 - DATE AND TIME OF LATEST TRANSACTION
- control field: 20230915231530.0
008 - FIXED-LENGTH DATA ELEMENTS
- fixed length control field: 230915|| aca||aabn | a|a d
040 ## - CATALOGING SOURCE
- Original cataloging agency: OSt
- Transcribing agency: OSt
150 ## - HEADING--TOPICAL TERM
- Topical term or geographic name entry element: VASQUEZ DE ARCE Y CEBALLOS, GREGORIO, 1638 - 1711 - EXPOSICIÓN - CATALOGOS
670 ## - SOURCE DATA FOUND
- Source citation: Work cat.: (OSt)29793: Biblioteca Luis Ángel Arango, Bogotá 30143, Gregorio Vásquez de Arca y Ceballos : , 2005